| 000 | 00728nac a22002051u 4500 | ||
|---|---|---|---|
| 010 | _a 94079792 | ||
| 020 | _a0963287354 (pbk.) | ||
| 082 |
_a617.0076 _bG271 |
||
| 090 |
_c3411 _d3411 |
||
| 100 | _aGeelhoed, Glenn W. | ||
| 245 | 1 | 0 |
_aSurgery : _breview for New National Boards / _cGlenn W. Gedhoed. |
| 260 |
_aAlexandria, VA : _bJ&S Pub., _c1995. |
||
| 300 |
_ap. _ccm. |
||
| 500 | _aDonations. | ||
| 500 | _aDonations - Biblioteca Alexandrina. | ||
| 650 | _aSurgery--Examinations, questions, etc. | ||
| 650 | _aSurgery--Examination questions. | ||
| 942 |
_cBB _k617.0076G271 |
||
| 999 |
_c3411 _d3411 |
||